Gaming Quiz

Random Gaming Quiz

Bestselling xbox 360 games Quiz Stats

 Plays Quiz not verified by Sporcle

Challenge
Share
Tweet
Embed
Score 0/10 Timer 06:00
0 Plays Today
Game % Correct
Halo 3
86.7%
Call of duty modern warfare 2
73.3%
Call of duty black ops
70%
Halo reach
70%
gears of war
63.3%
Grand theft auto IV
63.3%
call of duty 4: modern warfare
63.3%
gears of war 2
60%
call of duty world at war
46.7%
fable 2
26.7%

You're not logged in!

Compare scores with friends on all Sporcle quizzes.
OR
Log In

You Might Also Like...

Show Comments

Extras

Created Jun 14, 2011ReportNominate
Tags:Best Selling, copy, ever, sold, xbox, Xbox 360

Top Quizzes Today


Score Distribution

Your Account Isn't Verified!

In order to create a playlist on Sporcle, you need to verify the email address you used during registration. Go to your Sporcle Settings to finish the process.

Report this User

Report this user for behavior that violates our Community Guidelines.

Details: